000 01772nam a22004817a 4500
001 000095384
003 CHAP
005 20220817044102.0
008 060313d2005 mx a b r 00110 spa d
010 _a91850
011 _a92822
035 _a103388
040 _cCHAP
090 _aTesis
100 1 _aCoutiño Laguna, Artemio.
_928673
245 1 0 _aAspectos morfológicos del prendimiento de injertos interespecificos en Prunus spp. /
_c/por Artemio Coutiño Laguna y Héctor Miguel Olivares Soto.
260 _aChapingo, Méx. :
_bEl autor,
_c2005.
300 _a49 h. :
_bilus.; cuadros, mapas.
502 _aTesis (Ing. Agr. Esp. en Fitotecnia) -- UACH. Departamento de Fitotecnia
590 _aALEPH
_b10
_c20130110
_lUCH01
_h1510
590 _aBATCH-UPD
_b10
_c20130109
_lUCH01
_h2345
590 _aBATCH-UPD
_b10
_c20130110
_lUCH01
_h0420
590 _aBATCH-UPD
_b10
_c20130110
_lUCH01
_h2027
590 _aBATCH-UPD
_b10
_c20130410
_lUCH01
_h0055
590 _aBATCH-UPD
_b10
_c20130914
_lUCH01
_h0941
590 _aBATCH-UPD
_b10
_c20140324
_lUCH01
_h1455
590 _aBATCH-UPD
_b10
_c20141002
_lUCH01
_h0829
590 _aCONVERSION
_b10
_c20130109
_lUCH01
_h1351
590 _aE12093SGE
_b10
_c20130603
_lUCH01
_h1125
650 1 4 _aCiruela
_xInjertos.
_923415
650 1 4 _aDurazno
_xInjertos.
650 1 4 _aDurazno
_xRendimiento.
_934625
650 1 4 _aDurazno
_xVeracruz.
_934634
650 1 4 _aPrunus.
_992542
700 1 _aOlivares Soto, Héctor Miguel.
_983061
856 _3Finding aid
_uhttp://10.13.5.2/tesis/103388.pdf
_zTeclea aquí
901 _aBK
905 _aElisama A. H.
942 _cCD
942 _n0
949 _aTesis
_bBC
_cTES
_d00000000103388
_eTS1
_h44839
_i103388
_sb
949 _aTesis
_bBC
_cTES
_d33724000969283
_eTS2
_fc.2
_h44840
_i103388
_sb
999 _c91850
_d91850